00653nam a2200193Ia 4500008004100000020001500041082001600056100001800072245008200090250000700172260004200179300002800221500001900249600002700268650001500295942000700310952012700317999001500444240925s9999 xx 000 0 und d a8120314727 a621.382 FEH aFeher, Kamilo 0aWireless Digital Communications: modulation and spread spectrum applications  aNA aSingapore:bPearson educationc,1999. axii,642p.bNAfOriginal aIncludes Index aElectronic Engineering aTechnology cBK 001040708ELaUITUbUITUd2006-02-24eStandard Booksg628.05l0o621.382 FEHpQ6616r2024-09-25 07:14:18w2024-09-25yBK c9115d9115